Statistiche per Classifica Marcatori Italia ai Mondiali di Calcio

Clicka qui per fare il quiz!

Statistiche generali

  • Questo quiz è stato fatto 132 volte
  • Il punteggio medio è 4 su 6

Statistiche sulle risposte

Gol totaliGol per edizioneCalciatore% Corretto
9Argentina 1978 3, Spagna 1982 6Paolo Rossi
97%
9Italia 1990 2, Stati Uniti 1994 5, Francia 1998 2Roberto Baggio
92%
9Francia 1998 5, Corea del Sud / Giappone 2002 4Christian Vieri
90%
6Italia 1990 6Salvatore Schillaci
65%
5Spagna 1982 1, Messico 1986 4Alessandro Altobelli
42%
5Francia 1938 5Silvio Piola
35%

Distribuzione punteggi

Percentile per numero di risposta

Percentuale di utenti per punteggio

I tuoi punteggi nel tempo

Non hai fatto questo quiz